000 00379nam a2200145Ia 4500
008 231217s9999 xx 000 0 und d
041 _aEnglish
082 _a001.6424BAS SHA;1 R
100 _aShapiro, Jeffrey R
245 0 _aVisual basic.net : the complete reference
260 _c2002
_bTMH
_aNew Delhi
300 _axl+901
650 _aVisual,basic.net,:
942 _cAA
999 _c176107
_d176107